LEADER 01335nam0 2200409 450 001 990000328730203316 005 1998111008470724 010 $a88-324-9270-9 020 $aIT 035 $a0032873 035 $aUSA010032873 035 $a(ALEPH)000032873USA01 035 $a0032873 100 $a19990303d1998 |||y0itay01 ba 101 $aita 102 $aIT 105 $a00||| 200 1 $aCome si amministra un condominio$elegislazione e giurisprudenza, casistica pratica, modelli contrattuali e formule operative$fFrancesco Tamborrino 205 $a24. ed. ampliata e aggiornata con le nuove norme fiscali e regolamentari a carico dei condomini 210 $aMilano$cIl sole-24 ore Pirola$d1998 215 $a783 p.$d24 cm 225 2 $aManuali di consulenza immobiliare$v1 410 0$12001$aManuali di consulenza immobiliare 606 $aCondominio$xAmministrazione 676 $a346.450433 700 1$aTAMBORRINO,$bFrancesco$09567 801 0$aIT$bBNI$c19990303$gRICA 802 $ad 912 $a990000328730203316 951 $aIG I 1660$b27973 G$cIG I$d00069418 959 $aBK 969 $aGIU 979 $aTAMI$b40$c20010124$lUSA01$h1557 979 $c20020403$lUSA01$h1640 979 $aPATRY$b90$c20040406$lUSA01$h1623 996 $aCome si amministra un condominio$9581359 997 $aUNISA LEADER 01923oam 2200469M 450 001 9910716492703321 005 20200213070919.1 035 $a(CKB)5470000002521214 035 $a(OCoLC)1065606215 035 $a(OCoLC)995470000002521214 035 $a(EXLCZ)995470000002521214 100 $a20071213d1927 ua 0 101 0 $aeng 135 $aurcn||||||||| 181 $ctxt$2rdacontent 182 $cc$2rdamedia 183 $acr$2rdacarrier 200 10$aTo authorize the Secretary of the Navy to dispose of the former naval radio station, Marshfield, Oreg. February 3, 1927. -- Committed to the Committee of the Whole House on the State of the Union and ordered to be printed 210 1$a[Washington, D.C.] :$c[U.S. Government Printing Office],$d1927. 215 $a1 online resource (2 pages) 225 1 $aHouse report / 69th Congress, 2nd session. House ;$vno. 1961 225 1 $a[United States congressional serial set] ;$v[serial no. 8689] 300 $aBatch processed record: Metadata reviewed, not verified. Some fields updated by batch processes. 300 $aFDLP item number not assigned. 606 $aEconomic conversion 606 $aRadio stations 606 $aGovernment auctions 606 $aFinance, Public 608 $aLegislative materials.$2lcgft 615 0$aEconomic conversion. 615 0$aRadio stations. 615 0$aGovernment auctions. 615 0$aFinance, Public. 701 $aWoodruff$b Roy O$g(Roy Orchard),$f1876-1953$pRepublican (MI)$01397940 801 0$bWYU 801 1$bWYU 801 2$bOCLCO 801 2$bOCLCQ 906 $aBOOK 912 $a9910716492703321 996 $aTo authorize the Secretary of the Navy to dispose of the former naval radio station, Marshfield, Oreg. February 3, 1927. -- Committed to the Committee of the Whole House on the State of the Union and ordered to be printed$93505509 997 $aUNINA